| 000 | 00356nam a2200121Ia 4500 | ||
|---|---|---|---|
| 005 | 20251222153521.0 | ||
| 008 | 251222s9999||||xx |||||||||||||| ||spa|| | ||
| 020 | _a88-7223-073-X | ||
| 082 | _a458.61/M84 | ||
| 100 | _a"Montali, SandraProvenzano, Claudia" | ||
| 245 | 0 | _a"Italiano in ospedale. Corso d'italiano per infermiere/i, livello A1-A2" | |
| 942 | _cLIB | ||
| 999 |
_c29717 _d29717 |
||